000 00611nam a2200217Ia 4500
005 20241129110053.0
008 241129s9999||||xx |||||||||||||| ||und||
020 _a978-93-86463-24-1
037 _aTB
040 _aARTS
_beng
_cARTS
041 _aeng
_2eng
084 _aY:1.4497 R3
_qARTS
100 _aTobdan Au.
245 0 _aMahakappina: king of kuluta and the kinnaras of Himalaya
_cTobdan Au.
260 _aNew Delhi, India
_bNew Kaveri Books
_c2023
300 _axi,176p.
365 _aINR
_b950
650 _aSociologyCulture
942 _cTB
_hY:1.4497 R3
999 _c1227188
_d1227188